000 00610nam a2200181 4500
001 109903
003 ES-MaACL
005 20251108154135.0
007 t|
008 061121s1927 sp r ||||1| spa d
100 1 _aObermaier, Hugo,
_d1877-1946
_986395
245 1 4 _aLas pinturas rupestres de los alrededores de Tormon (Teruel) /
_cHugo Obermaier, Henri Breuil.
260 _aMadrid :
_b[s.n.],
_c1927 (
_fTip. de la Rev. de Archivos)
300 _a27 p., 14 lám. ;
_c26 cm.
700 1 _aBreuil, Henri,
_d1877-1961
_9158544
852 _aES-MaACL
_j1834-F-10
_bR.19695
999 _c109903
_d109903